Culture Générale - Série 107 - Statistiques

Statistiques générales
  • Ce quiz a été pris 530 fois
  • Le résultat moyen est 5 sur 10
Statistiques - réponses
Question Réponse % Correct
Quel était l'instrument de prédilection de Frédéric Chopin ? Piano
92%
Dans quel sport l'Américain Michael Phelps s'illustre-t-il ? Natation
88%
Par quel chant français débute "All You Need is Love" des Beatles ? La Marseillaise
64%
A quel genre d'articles appartiennent "le" et "la" ? Articles définis
61%
De quel sport Jean-François Lamour fut-il champion olympique ? Escrime
49%
Avec quel comédien Yvan Le Bolloc'h a-t-il animé le "Top 50" ? Bruno Solo
42%
Quel autre nom donne-t-on au cochon d'Inde ? Cobaye
37%
Dans son tube de 1993, que nous dit de mettre le groupe Regg’Lyss ? Huile
22%
Qui a été le directeur du théâtre Marigny de 2000 à 2008 ? Robert Hossein
6%
Qui est le directeur du théâtre Marigny depuis 2008 ? Pierre Lescure
1%
Aucun quiz correspondant
Distribution des résultats
% des personnes avec chaque résultat
Percentile par nombre de réponses
Votre historique - résultats
Vous n’avez pas pris ce quiz